| 000 | 01161cad a22002175a 4500 | ||
|---|---|---|---|
| 001 | L141504 | ||
| 008 | 071128e20071119 d f s 000 0 eng d | ||
| 035 | _a(Sirsi) u141504 | ||
| 041 | 0 | _aeng | |
| 110 | 2 |
_aEurostat _91416 |
|
| 245 | 0 | 0 |
_aConstruction output stable in the euro area _h[electronic resource] |
| 260 | _c2007 | ||
| 490 | 0 |
_aEurostat News Release _v(157/2007) 19 November 2007 |
|
| 520 | _aReveals that seasonally adjusted production in the construction sector stayed stable in the euro area and increased by 0.1% in the EU27 area in September 2007, compared to August 2007. Compared to September 2006, output in September 2007 was up by 1.5% in the euro area and by 2.5% in the EU27. Tables show monthly, quarterly, and annual variation in construction output and monthly and quarterly production indices for total construction for individual member states. | ||
| 590 | _aKA | ||
| 650 | 2 | 4 | _aEUROSTAT MONTHLY CONSTRUCTION INDEX |
| 651 | 4 | _aEuropean Union | |
| 690 | _aBUILT ENVIRONMENT-CONSTRUCTION MARKET | ||
| 856 | 4 | 0 |
_uhttps://epp.eurostat.ec.europa.eu _zView the item free of charge at http://epp.eurostat.ec.europa.eu... |
| 942 | _n0 | ||
| 999 |
_c79517 _d79517 |
||